| 000 | 00337nam a22001457a 4500 | ||
|---|---|---|---|
| 003 | SGT | ||
| 020 | _a978-81-239-2230-0 | ||
| 082 |
_a615.015 _bP13G |
||
| 100 | _aGUPTA, R.C & BHARGAVA.S | ||
| 245 | _aPRACTICAL BIOCHEMISTRY | ||
| 260 |
_aNEW DELHI _bCBS PUBLISHER _c2013 |
||
| 300 | _a245 | ||
| 650 | _aBIOCHEMISTRY | ||
| 942 |
_2ddc _cBK _03 |
||
| 999 |
_c10070 _d10070 |
||